000 00591cam a22001935a 4500
001 L159682
008 150226s2017 xxk f 000 0 eng d
035 _a(Sirsi) u159682
041 0 _aeng
100 1 _aAdams, David
245 0 0 _aFalse friends
260 _c2017
490 _aModus
_vMarch 2017, 14-20 (7)
520 _aInvestigates the influence of corporate culture and self-deception on unethical behaviour. Why do otherwise apparently decent people do terrible things in business?
590 _aKA
650 2 4 _aETHICS
690 _aBusiness and management
942 _n0
_2ddc
999 _c84907
_d84907